240 Capitales Difficiles Reverse - Statistiques

Statistiques générales
  • Ce quiz a été pris 13 fois
  • Le résultat moyen est 37 sur 86
Statistiques - réponses
Hint Réponse % Correct
Kaboul Afghanistan
82%
Bandar Seri Begawan Brunei
82%
Tripoli Libye
82%
Nouakchott Mauritanie
82%
Mogadiscio Somalie
82%
Caracas Venezuela
82%
Erevan Arménie
73%
Minsk Bélarus
73%
Thimphou Bhoutan
73%
Ouagadougou Burkina Faso
73%
Phnom Penh Cambodge
73%
Praia Cap-Vert
73%
Conakry Guinée
73%
Bagdad Irak
73%
Amman Jordanie
73%
Lilongwe Malawi
73%
Oulan-Bator Mongolie
73%
Windhoek Namibie
73%
Niamey Niger
73%
Mascate Oman
73%
Kigali Rwanda
73%
Saint-Marin Saint-Marin
73%
Khartoum Soudan
73%
Achgabat Turkménistan
73%
Gaborone Botswana
64%
Jérusalem (revendiquée) / Tel Aviv (de facto) Israël
64%
Astana (Noursoultan anciennement) Kazakhstan
64%
Bichkek Kirghizistan
64%
Naypyidaw Myanmar (Birmanie)
64%
Kampala Ouganda
64%
Tachkent Ouzbékistan
64%
Ramallah (administrative) / Jérusalem-Est (revendiquée) Palestine
64%
Port Moresby Papouasie-Nouvelle-Guinée
64%
Apia Samoa
64%
Victoria Seychelles
64%
Paramaribo Suriname
64%
Nuku’alofa Tonga
64%
Funafuti Tuvalu
64%
Asmara Érythrée
55%
Georgetown Guyana
55%
Delap-Uliga-Darrit (Majuro) Îles Marshall
55%
Maseru Lesotho
55%
Managua Nicaragua
55%
Papeete Polynésie française
55%
Freetown Sierra Leone
55%
Lusaka Zambie
55%
Bridgetown Barbade
45%
Malabo Guinée équatoriale
45%
Ngerulmud Palaos
45%
Manama Bahreïn
36%
Saint George’s Grenade
27%
Basse-Terre Guadeloupe
27%
Honiara Îles Salomon
27%
San Juan Porto Rico
27%
The Valley Anguilla
18%
Oranjestad Aruba
18%
Hamilton Bermudes
18%
Willemstad Curaçao
18%
Hagåtña Guam
18%
Douglas Île de Man
18%
Avarua Îles Cook
18%
Alofi Niue
18%
Laâyoune Sahara occidental
18%
Saint-Pierre Saint-Pierre-et-Miquelon
18%
Mata-Utu Wallis-et-Futuna
18%
Saint Pierre Port Guernesey
9%
Flying Fish Cove Île Christmas
9%
Kingston Île Norfolk
9%
Stanley Îles Falkland (Malvinas)
9%
Tórshavn Îles Féroé
9%
Saipan Îles Mariannes du Nord
9%
Cockburn Town Îles Turques-et-Caïques
9%
Saint-Hélier Jersey
9%
Plymouth (officielle) / Brades (temporaire) Montserrat
9%
Adamstown Pitcairn
9%
Gustavia Saint-Barthélemy
9%
Jamestown Saint-Hélène, Ascension et Tristan da Cunha
9%
Longyearbyen Svalbard et Jan Mayen
9%
Aucune, les 3 atolls qui se gèrent elles même Tokelau
9%
King Edward Point Géorgie du Sud-et-les Îles Sandwich du Sud
0%
George Town Îles Caïmans
0%
West Island Îles Cocos (Keeling)
0%
Basseterre Saint-Kitts-et-Nevis
0%
Marigot Saint-Martin (partie française)
0%
Philipsburg Sint Maarten (partie néerlandaise)
0%
Saint Paul (la Réunion) Terres Australes et Antarctiques Française (TAAF)
0%
Aucun quiz correspondant
Distribution des résultats
% des personnes avec chaque résultat
Percentile par nombre de réponses
Votre historique - résultats
Vous n’avez pas pris ce quiz